Bürokommunikation <Ein> Beitrag zur Produktivitätssteigerung

Saved in:
Bibliographic Details
Other Authors: Witte, E.
Format: Book
Language:German
Published: Berlin Springer 1984
Tags: Add Tag
No Tags, Be the first to tag this record!

MARC

LEADER 00000nam a2200000 4500
001 c114353
005 20230117082418.2
041 0 |a ger 
044 |a DE 
245 1 0 |a Bürokommunikation  |b <Ein> Beitrag zur Produktivitätssteigerung  |c Herausgegeben von E. Witte 
264 1 |a Berlin  |b Springer  |c 1984 
300 |a 287 s. 
700 1 |a Witte, E.